000 00649nam a2200181 a 4500
001 001180279
003 AM-YeHGA
005 20250617152714.0
008 161005s1954 ||| r 000 0 rus d
040 _aAM-YeHGA
041 0 _arus
100 1 _aОсетров, Евгений Иванович
245 1 0 _aШкатулка Арины Родионовны :
_b(Рассказы об интересных находках) /
_cЕвгений Осетров.
260 _aВладимир :
_bВладимирское кн. изд-во,
_c1954.
300 _a62 с. :
_bил.
653 0 _aРусская литература
090 _c378106
999 _c376196
_d376196